|
|
|
|
| LEADER |
00000naa0a2200000 4500 |
| 001 |
595699 |
| 005 |
20250227124106.0 |
| 035 |
|
|
|a (RuTPU)RU\TPU\tpu\17307
|
| 090 |
|
|
|a 595699
|
| 100 |
|
|
|a 20100319d1999 k||y0rusy50 ba
|
| 101 |
0 |
|
|a eng
|
| 102 |
|
|
|a US
|
| 200 |
1 |
|
|a Distribution of Au and Pd in basalts and diabases in hole 504b
|
| 333 |
|
|
|a В фонде НТБ ТПУ отсутствует
|
| 463 |
|
|
|t Proceedings of the Ocean Drilling Program, Scientitic Results
|v P. 117-120
|d 1999
|
| 610 |
1 |
|
|a труды учёных ТПУ
|
| 700 |
|
1 |
|a Korobeinikov
|b A. F.
|c Russian geologist, Doctor of Geological and Mineralogical sciences
|c Professor of the TPU
|f 1934-
|g Alexander Feopenovich
|3 (RuTPU)RU\TPU\pers\24245
|4 070
|
| 701 |
|
1 |
|a Pertsev
|b N. N.
|4 070
|
| 801 |
|
1 |
|a RU
|b 63413507
|c 20100319
|
| 801 |
|
2 |
|a RU
|b 63413507
|c 20140205
|g RCR
|
| 942 |
|
|
|c BK
|